• 首页
  • 本馆介绍
  • 公告通知
  • 最新文献
  • 馆藏检索
  • 电子资源
  • 读者导购
  • 参考咨询
  • 我的图书馆
  • 登录
  • 详细信息显示
  • 放入我的书架
  • 预约/预借图书
  • 作者相关作品
  • 分类相关作品
  • 丛书相关作品
  • 出版社相关作品

书目信息

  • 表格格式
  • 工作单格式
  • 卡片格式
题名:
游泳入门与进阶技巧
    
 
作者: ;中映良品文化传播公司 编著
分册:  
出版信息: 成都   成都时代出版社  2021.5
页数: 159页
开本: 23cm
丛书名:
单 册:
中图分类: G861.1
科图分类:
主题词: 游泳--基本知识
电子资源:
ISBN: 978-7-5464-2546-7
000 01171nam0 2200265 45
001 012001001788
005 20141011141415.0
010    @a978-7-5464-2546-7@dCNY48.00
100    @a20200709d2020 em y0chiy50 ea
101 0  @achi
102    @aCN@b510000
105    @aa z 000yy
106    @ar
200 1  @a游泳入门与进阶技巧@Ayou yong ru men yu jin jie ji qiao@b专著@dStart guide and advanced skills of swimming@f中映良品编著@zeng
210    @a成都@c成都时代出版社@d2021.5
215    @a159页@c彩图,彩照@d23cm
300    @a畅销全彩版
300    @a并列题名:Start guide and advanced skills of swimming
330    @a本书介绍了游泳运动的基本技术,以及奥运会四大项目——自由泳、蛙泳、仰泳和蝶泳——的练习方法。书中对各项技术要领进行讲解,并结合下水练习,让读者快速地掌握游泳的规范动作、正确的技术和训练方法。此外,本书对游泳环境的选择、安全注意事项、一般急救常识、赛事规则等均有介绍。
510 1  @aStart guide and advanced skills of swimming@zeng
606 0  @a游泳@x基本知识
690    @aG861.1@v5
711 02 @a中映良品文化传播公司@Azhong ying liang pin wen hua chuan bo gong si@4编著
801  2 @aCN@b江苏凤凰@c20211018
905    @b1345721-4@dG861.1@e104@f4
    
    游泳入门与进阶技巧=Start guide and advanced skills of swimming/中映良品编著.-成都:成都时代出版社,2021.5
    159页:彩图,彩照;23cm
    畅销全彩版.-并列题名:Start guide and advanced skills of swimming
    
    ISBN 978-7-5464-2546-7:CNY48.00
    本书介绍了游泳运动的基本技术,以及奥运会四大项目——自由泳、蛙泳、仰泳和蝶泳——的练习方法。书中对各项技术要领进行讲解,并结合下水练习,让读者快速地掌握游泳的规范动作、正确的技术和训练方法。此外,本书对游泳环境的选择、安全注意事项、一般急救常识、赛事规则等均有介绍。
●
相关链接 在E读中查询图书 在五车中查询图书 在当当中查询图书 在豆瓣中查询图书


正题名:游泳入门与进阶技巧     索取号:G861.1/104         预约/预借

序号 登录号 条形码 馆藏地/架位号 状态 备注
1 1345721   213457212   第一样本阅览室/ [索取号:G861.1/104] 在馆    
2 1345722   213457221   第四借阅区/ [索取号:G861.1/104] 在馆    
3 1345723   213457230   第四借阅区/ [索取号:G861.1/104] 在馆    
4 1345724   213457249   第四借阅区/ [索取号:G861.1/104] 在馆    
唐山师范学院图书馆 欢迎您!
大连网信软件有限公司© 版权所有